000 00774nam a2200277 a 4500
003 AR-BaBNM
005 20251128203037.0
008 082120s2002 ||||||||||||||000 | spa||
040 _cAR-BaBNM
100 1 _aStones, E.
245 0 0 _aAprendizaje y enseñanza
_btexto programado
250 _a1ª ed.
260 _aMéxico, D.F.
_bCentro Regional de Ayuda Técnica
_c1972
300 _a126 p.
_bgráfs.
504 _aBibliografía p. 125-126
650 4 _aAPRENDIZAJE
650 4 _aPROGRAMAS DE ENSEÑANZA
650 4 _aPROCESO DE APRENDIZAJE
650 4 _aDIFICULTADES EN EL APRENDIZAJE
650 4 _aADAPTACION DEL ALUMNO
650 4 _aLENGUAJE
650 4 _aMETODOS DE ENSEÑANZA
700 1 _aPeralta, Jorge
_etraductor
942 _cBK
998 _cCarmen
999 _c1643
_d1643